| 000 | 01870nam a22003617a 4500 | ||
|---|---|---|---|
| 001 | 102285 | ||
| 003 | KnowledgeUnlatched | ||
| 005 | 20210303105249.0 | ||
| 006 | m o d | ||
| 007 | cr u|||||||||| | ||
| 008 | 210129p20152019gw o u00| u eng d | ||
| 037 | _5BiblioBoard | ||
| 245 | 0 | 0 |
_a"Frozen Conflicts" in Europe _cAnton Bebler. |
| 020 | _a9783847404286 | ||
| 024 | 8 | _a10.3224/84740133 | |
| 029 | 1 | _ahttps://library.biblioboard.com/ext/api/media/77531309-a88d-4d3b-8668-d6cb192979fa/assets/thumbnail.jpg | |
| 040 |
_aScCtBLL _cScCtBLL |
||
| 506 | 0 |
_aAccess copy available to the general public. _fUnrestricted _2star |
|
| 700 | 1 |
_aBebler, Anton _eeditor. |
|
| 264 | 1 | _bVerlag Barbara Budrich, | |
| 300 | _a1 online resource (216 p.) | ||
| 520 | _aOft forgotten but simmering "frozen conflicts" continuously mark the political map of Europe. All located in South Eastern Europe, the Black Sea area and Transcaucasia, these conflicts run along ethnic, national, cultural and linguistic lines, separating communities. This insightful book offers a rare critical analyses of the cases of Northern Cyprus, Transnistria, Abkhazia, South Ossetia, Nagorno-Karabakh, Kosovo, and Crimea. | ||
| 588 | 0 | _aDescription based on print version record. | |
| 590 | _aKU Select 2018: HSS Backlist Books | ||
| 650 | 7 |
_aPolitical Science / World / European _2bisacsh |
|
| 650 | 0 | _aPolitical science | |
| 655 | 0 | _aElectronic books. | |
| 758 |
_iIs found in: _aKnowledge Unlatched _1https://openresearchlibrary.org/module/2774bc74-146a-484f-a7ba-ab1d6a09bbfb |
||
| 856 | 4 | 0 |
_uhttps://openresearchlibrary.org/content/77531309-a88d-4d3b-8668-d6cb192979fa _zView this content on Open Research Library. _70 |
| 999 |
_c34007 _d34007 |
||